NRW nach Buchstabe - N - Statistiken

Allgemein
  • Dieses Quiz wurde 53 mal gespielt
  • Das Durchschnittsergebnis liegt bei 9 aus 20
Antwortstatistiken
Hint Antwort % Korrekt
Popsängerin aus Hagen (99 Luftballons, Irgendwie Irgendwo Irgendwann) Nena
100%
Große Stadt am Rhein gegenüber von Düsseldorf Neuss
100%
Bezeichnung für Karnevalisten Narren
93%
Bezeichnung für den Teil des Rheinlandes nördlich von Düsseldorf Niederrhein
78%
Malerisches Tal im Kreis Mettmann, nach dem eine prähistorische Menschenart benannt ist Neandertal
73%
Musikrichtung, die durch sie und andere Hagener (Humpe-Schwestern, Fehlfarben) geprägt wurde Neue Deutsche Welle
71%
Fußballspieler bei Borussia Mönchengladbach und TV-Experte mit Gerhard Delling Günter Netzer
69%
Stadtteil im Norden von Köln und Umgangssprachlicher Begriff für Zeugs/Gedöns Nippes
60%
Kölner Sänger der Band BAP Wolfgang Niedecken
44%
Ruhrpott-Fußballtrainer, der Schalke und Aachen trainierte und mit Bochum in den UEFA-Cup kam Peter Neururer
38%
Teil von Arnsberg an der Ruhr, bekannt u.a. durch die Hüstener Kirmes Neheim
33%
Computerpionier aus Paderborn, Namensgeber eines Computermuseums in der Stadt Heinz Nixdorf
31%
Stadt im Kreis Viersen mit mehreren Seen (u.a. Großer de Wittsee, Hinsbecker Bruch, Glabbacher Bruch) Nettetal
31%
Schloss im Kreis Coesfeld im Münsterland, welches auch als "Westfälisches Versailles" bekannt ist Schloss Nordkirchen
29%
Ortsteil von Velbert mit brutalistischem von Gottfried Böhm entworfenen Wallfahrtsdom und kürzlich abgebrannten Schloss Hardenberg Neviges
24%
Doppelstadt im Kreis Wesel mit Dong Open Air und Halde Norddeutschland Neukirchen-Vluyn
18%
Heimspielstädte von Rot-Weiß Oberhausen Niederrheinstadion
18%
Renaissanceschloss in Paderborn, Residenz der Paderborner Fürstbischöfe Schloss Neuhaus
18%
Große Parkanlage und BUGA-Gelände in Gelsenkirchen Nordsternpark
13%
Letzter Tag des Karnevals Nelkendienstag
4%
Keine übereinstimmenden Quizze gefunden
Verteilung der Resultate
Anzahl Personen mit jedem Resultat
Perzentil nach korrekt beantworteten Fragen
Ihre Resultats-Entwicklung
Sie haben dieses Quiz noch nicht gespielt